| 000 | 00341nam a2200133 i 4500 | ||
|---|---|---|---|
| 001 | bg | ||
| 100 | 1 | _aOSTROWSKI, Ryszard. | |
| 245 | 0 |
_aLaboratorium technicznych środków nauczania. _nCz.2 / _cRyszard Ostrowski. |
|
| 260 |
_aKraków, _c1982. |
||
| 040 | _cBPK | ||
| 041 | _apol | ||
| 942 | _cKS | ||
| 008 | s pl f |000 0 pol | ||
| 999 |
_c20922 _d20922 |
||
| 856 |
_uhttp://koha.tu.koszalin.pl/cgi-bin/koha/opac-detail.pl?biblionumber=20922 _yKatalog online BPK |
||